Ancient Oaxaca (Record no. 10060)

MARC details
000 -CABECERA
campo de control de longitud fija 00937nam a2200265 a 4500
001 - NÚMERO DE CONTROL
campo de control BRL_1248
005 - FECHA Y HORA DE LA ÚLTIMA TRANSACCIÓN
campo de control 20190320211117.0
008 - DATOS DE LONGITUD FIJA--INFORMACIÓN GENERAL
campo de control de longitud fija 051213s1966----u--ab#####---#000-0#eng-#
041 ## - CÓDIGO DE LENGUA
Código de lengua del texto/banda sonora o título independiente eng
044 ## - CÓDIGO DEL PAÍS DE LA ENTIDAD EDITORA/PRODUCTORA
Código MARC del país u
050 #4 - SIGNATURA TOPOGRÁFICA DE LA BIBLIOTECA DEL CONGRESO
Número de clasificación F1219.1.O11
Número de documento/Ítem .P33 1966
100 1# - ENTRADA PRINCIPAL--NOMBRE DE PERSONA
Nombre de persona Paddock, John
9 (RLIN) 26273
245 10 - MENCIÓN DE TÍTULO
Título Ancient Oaxaca
Resto del título Discoveries in Mexican Archeology and History
Mención de responsabilidad, etc. Edited by John Paddock, With contributions by Ignacio Bernal...[el al.]
260 ## - PUBLICACIÓN, DISTRIBUCIÓN, ETC.
Lugar de publicación, distribución, etc. Stanford, California
Nombre del editor, distribuidor, etc. Stanford University Press
Fecha de publicación, distribución, etc. 1966
300 ## - DESCRIPCIÓN FÍSICA
Extensión xv, 416 p.
Otras características físicas il. (algunas a color), mapas
Dimensiones 26 cm.
500 ## - NOTA GENERAL
Nota general Au1443
500 ## - NOTA GENERAL
Nota general Estado físico: Camisa desgarrada.
504 ## - NOTA DE BIBLIOGRAFÍA, ETC.
Nota de bibliografía, etc. Bibliografía: p. 387-410
650 14 - PUNTO DE ACCESO ADICIONAL DE MATERIA--TÉRMINO DE MATERIA
Término de materia o nombre geográfico como elemento de entrada Indígenas de México
Subdivisión general Antigüedades
Subdivisión geográfica Oaxaca (México)
9 (RLIN) 25284
651 #4 - PUNTO DE ACCESO ADICIONAL DE MATERIA--NOMBRE GEOGRÁFICO
Nombre geográfico Oaxaca (México)
Subdivisión general Historia
9 (RLIN) 26274
651 #4 - PUNTO DE ACCESO ADICIONAL DE MATERIA--NOMBRE GEOGRÁFICO
Nombre geográfico Oaxaca (México)
Subdivisión general Antigüedades
9 (RLIN) 23825
700 1# - PUNTO DE ACCESO ADICIONAL--NOMBRE DE PERSONA
Nombre de persona Bernal, Ignacio
9 (RLIN) 778
902 ## - CATALOGADOR
Iniciales GRL
942 ## - ELEMENTOS DE PUNTO DE ACCESO ADICIONAL (KOHA)
Fuente del sistema de clasificación o colocación Library of Congress Classification
Tipo de ítem Koha Libros
Holdings
Estado de retiro Estado de pérdida Estado dañado No para préstamo Localización permanente Ubicación/localización actual Fecha de adquisición Número de inventario Total de préstamos Signatura topográfica completa Código de barras Fecha visto por última vez Precio válido a partir de Tipo de ítem Koha
El ejemplar forma parte de la colección y puede ser consultado según las políticas vigentes.       Biblioteca Centro de Estudios Ruth D. Lechuga Biblioteca Centro de Estudios Ruth D. Lechuga 05/12/2013 Au1443   F1219.1.O11 .P33 1966 (Au1443) GRL01365 22/03/2019 22/03/2019 Libros